Theory, Practice and Techniques in Training & Development : (Record no. 595929)

MARC details
000 -LEADER
fixed length control field 00468nam a2200181 a 4500
008 - FIXED-LENGTH DATA ELEMENTS--GENERAL INFORMATION
fixed length control field 251105s2018##################000#0#eng##
020 ## - INTERNATIONAL STANDARD BOOK NUMBER
ISBN 9781680947717
082 04 - DEWEY DECIMAL CLASSIFICATION NUMBER
Classification number 658.3124
Item number MRA
100 1# - MAIN ENTRY--AUTHOR NAME
Personal name 3G E-learning LLC, USA,
245 10 - TITLE STATEMENT
Title Theory, Practice and Techniques in Training & Development :
260 ## - PUBLICATION, DISTRIBUTION, ETC. (IMPRINT)
Year of publication 2018.
300 ## - PHYSICAL DESCRIPTION
Number of Pages 315 pages
942 ## - ADDED ENTRY ELEMENTS (KOHA)
Koha item type English Books
Holdings
Withdrawn status Lost status Damaged status Not for loan Home library Current library Shelving location Date acquired Full call number Accession Number Price effective from Koha item type
        Anna Centenary Library Anna Centenary Library 6TH FLOOR, A WING 05.11.2025 658.3124 MRA 606898 05.11.2025 English Books

Find us on the map